[Event "España tch-final 2008"]
[Site "Motril ESP"]
[Date "2008.11.01"]
[Round "1.16"]
[White "Llanes Hurtado, Miguel"]
[Black "Perez Candelario, Manuel"]
[Result "1/2-1/2"]
[WhiteElo "2503"]
[BlackElo "2520"]
[PlyCount "78"]
[EventDate "2008.11.01"]
[EventType "team-"]
[EventCountry "ESP"]
[Source "lmi"]
[SourceDate "2008.11.01"]

1. d4 d5 2. c4 e6 3. Nf3 Nf6 4. g3 dxc4 5. Bg2 a6 6. Ne5 c5 7. Be3 Nd5 8. dxc5
Nd7 9. Nxc4 Nxe3 10. Nxe3 Bxc5 11. O-O O-O 12. Nd2 Rb8 13. Qb3 Nf6 14. Ne4 Nxe4
15. Bxe4 h6 16. Rac1 Qg5 17. f4 Qe7 18. Kg2 b5 19. Qc3 Bb7 20. Qxc5 Bxe4+ 21.
Kf2 Qf6 22. Qe5 Qg6 23. Rfd1 Rbd8 24. g4 Bd5 25. f5 Qg5 26. Kg3 Bxa2 27. h4 Qe7
28. Rxd8 Rxd8 29. Ra1 f6 30. Qf4 e5 31. Qf3 Qf7 32. Qc6 Qb3 33. Kf2 Qxb2 34.
Rd1 Rxd1 35. Qe8+ Kh7 36. g5 hxg5 37. Qh5+ Kg8 38. Qe8+ Kh7 39. Qh5+ Kg8
1/2-1/2

[Event "España tch-final 2008"]
[Site "Motril ESP"]
[Date "2008.11.01"]
[Round "1.26"]
[White "Bernal Moro, Luis Javier"]
[Black "San Segundo Carrillo, Pablo"]
[Result "1/2-1/2"]
[WhiteElo "2451"]
[BlackElo "2564"]
[PlyCount "80"]
[EventDate "2008.11.01"]
[EventType "team-"]
[EventCountry "ESP"]
[Source "lmi"]
[SourceDate "2008.11.01"]

1. c4 Nf6 2. Nf3 c6 3. Nc3 d5 4. e3 a6 5. Qc2 Bg4 6. Ne5 Bh5 7. cxd5 Nxd5 8. g4
Bg6 9. Qb3 Qb6 10. Qxb6 Nxb6 11. h4 N8d7 12. Nxd7 Nxd7 13. h5 Bc2 14. d3 Nc5
15. d4 Ne4 16. f3 Nxc3 17. bxc3 Ba4 18. Ba3 O-O-O 19. Bd3 h6 20. Rb1 e6 21.
Bxf8 Rhxf8 22. Ke2 Rfe8 23. Rb4 b5 24. f4 f6 25. Be4 Kc7 26. Rhb1 e5 27. dxe5
fxe5 28. f5 Rd6 29. c4 Red8 30. Kf3 Rd2 31. cxb5 axb5 32. Rc1 R8d6 33. Rc5 Bd1+
34. Kg3 Re2 35. Rxe5 Rxe3+ 36. Kf4 Re1 37. Re7+ Rd7 38. Re6 Rd6 39. Re7+ Rd7
40. Re6 Rd6 1/2-1/2

[Event "España tch-final 2008"]
[Site "Motril ESP"]
[Date "2008.11.02"]
[Round "2.25"]
[White "Khamrakulov, Ibragim S"]
[Black "Ubilava, Elizbar"]
[Result "1/2-1/2"]
[WhiteElo "2580"]
[BlackElo "2551"]
[PlyCount "111"]
[EventDate "2008.11.01"]
[EventType "team-"]
[EventCountry "ESP"]
[Source "lmi"]
[SourceDate "2008.11.01"]

1. e4 c5 2. Nf3 Nc6 3. c3 Nf6 4. e5 Nd5 5. d4 cxd4 6. Bc4 Nb6 7. Bb3 d5 8. exd6
Qxd6 9. O-O Bf5 10. cxd4 e6 11. Nc3 Be7 12. d5 exd5 13. Nxd5 Nxd5 14. Qxd5 Qxd5
15. Bxd5 O-O 16. Bg5 Bxg5 17. Nxg5 h6 18. Nf3 Nb4 19. Bc4 Rac8 20. b3 Bd3 21.
Bxd3 Nxd3 22. Rfd1 Rfd8 23. Kf1 Kf8 24. Rd2 Ke7 25. g3 Nb4 26. Re2+ Kf8 27. a3
Nd3 28. Rd1 Nc5 29. Rxd8+ Rxd8 30. Re3 Rd1+ 31. Ke2 Ra1 32. Rc3 Ne6 33. b4 Ke7
34. h4 g5 35. hxg5 hxg5 36. Ke3 f5 37. Rd3 Kf6 38. Nd4 f4+ 39. Ke4 Nxd4 40.
Rxd4 fxg3 41. fxg3 Rxa3 42. Rd6+ Ke7 43. Rg6 Rxg3 44. Rg7+ Kf6 45. Rxb7 Ra3 46.
b5 Kg6 47. Rb8 Kh5 48. Ra8 Ra5 49. Kf3 g4+ 50. Kf4 Ra4+ 51. Kf5 Kh4 52. b6 Ra5+
53. Kf4 axb6 54. Rh8+ Rh5 55. Rg8 Kh3 56. Ke4 1/2-1/2

[Event "España tch-final 2008"]
[Site "Motril ESP"]
[Date "2008.11.02"]
[Round "2.26"]
[White "Bernal Moro, Luis Javier"]
[Black "Llanes Hurtado, Miguel"]
[Result "1/2-1/2"]
[WhiteElo "2451"]
[BlackElo "2503"]
[PlyCount "52"]
[EventDate "2008.11.01"]
[EventType "team-"]
[EventCountry "ESP"]
[Source "lmi"]
[SourceDate "2008.11.01"]

1. c4 Nf6 2. Nc3 c5 3. e3 g6 4. d4 Bg7 5. d5 O-O 6. Nf3 d6 7. Be2 e6 8. O-O
exd5 9. cxd5 Na6 10. Nd2 Nc7 11. a4 Re8 12. f3 a6 13. a5 Rb8 14. Nc4 b5 15.
axb6 Rxb6 16. Ra2 Nd7 17. b3 Ne5 18. Bd2 Nb5 19. Kh1 Rb7 20. h3 Nxc4 21. bxc4
Qb6 22. Kh2 f6 23. Ra1 g5 24. Qc2 Re4 25. fxe4 a5 26. h4 gxh4 1/2-1/2